Welcome to CU Library Online Public Access Catalogue (OPAC)

Comparative animal physiology / (Record no. 2262)

MARC details
000 -LEADER
fixed length control field 00762cam a2200205 a 4500
001 - CONTROL NUMBER
control field 4854027
005 - DATE AND TIME OF LATEST TRANSACTION
control field 20241215130251.0
008 - FIXED-LENGTH DATA ELEMENTS--GENERAL INFORMATION
fixed length control field 910919s1992 txua b 001 0 eng
020 ## - INTERNATIONAL STANDARD BOOK NUMBER
International Standard Book Number 9780030128479
050 00 - LIBRARY OF CONGRESS CALL NUMBER
Classification number QP33
Item number .W58 1992
082 00 - DEWEY DECIMAL CLASSIFICATION NUMBER
Classification number 591.1
Edition information 20
100 1# - MAIN ENTRY--PERSONAL NAME
Personal name Withers, Philip C.
Fuller form of name (Philip Carew)
245 10 - TITLE STATEMENT
Title Comparative animal physiology /
Statement of responsibility, etc. Philip C. Withers.
260 ## - PUBLICATION, DISTRIBUTION, ETC.
Place of publication, distribution, etc. Fort Worth :
Name of publisher, distributor, etc. Saunders College Pub.,
Date of publication, distribution, etc. c1992.
300 ## - PHYSICAL DESCRIPTION
Extent xxii, 949, [111] p. :
Other physical details ill. (some col.) ;
Dimensions 29 cm.
650 #0 - SUBJECT ADDED ENTRY--TOPICAL TERM
Topical term or geographic name entry element Physiology, Comparative.
856 42 - ELECTRONIC LOCATION AND ACCESS
Materials specified Publisher description
Uniform Resource Identifier <a href="http://www.loc.gov/catdir/enhancements/fy1502/91050762-d.html">http://www.loc.gov/catdir/enhancements/fy1502/91050762-d.html</a>
856 41 - ELECTRONIC LOCATION AND ACCESS
Materials specified Table of contents only
Uniform Resource Identifier <a href="http://www.loc.gov/catdir/enhancements/fy1502/91050762-t.html">http://www.loc.gov/catdir/enhancements/fy1502/91050762-t.html</a>
942 ## - ADDED ENTRY ELEMENTS (KOHA)
Source of classification or shelving scheme Library of Congress Classification
Koha item type Books
Suppress in OPAC No
999 ## -
-- 2262
-- 2262
Holdings
Withdrawn status Lost status Source of classification or shelving scheme Damaged status Not for loan Collection Home library Current library Shelving location Date acquired Total checkouts Full call number Barcode Date last seen Copy number Price effective from Koha item type
    Library of Congress Classification     Non-fiction Science Library (Miotso) Science Library (Miotso) General stacks 12/15/2024   QP33 .W58 WIT SLM00001532 12/15/2024 1 12/15/2024 Books
© 2023-2024 Copyright: Central University Libraries. All Rights Reserved | Created by: Mahone Tech Office